El ABC del gerenciamiento : para el desarrollo corporativo de pyme y emprendimientos /
Guardado en:
| Autor Principal: | |
|---|---|
| Otros Autores: | |
| Formato: | Libro |
| Idioma: | Spanish |
| Publicado: |
Buenos Aires :
Osmar D. Buyatti,
2012.
|
| Edición: | 2a. ed. |
| Materias: | |
| Etiquetas: |
Agregar Etiqueta
Sin Etiquetas, Sea el primero en etiquetar este registro!
|
| LEADER | 00846nam a22002415a 4500 | ||
|---|---|---|---|
| 001 | EAD.ead004471 | ||
| 008 | 200904s2012####ag#######b####000#0#spa#d | ||
| 005 | 20200904192102.0 | ||
| 245 | 1 | 3 | |a El ABC del gerenciamiento : |b para el desarrollo corporativo de pyme y emprendimientos / |c Graciela Di Lonardo, Silvia Stamato. |
| 250 | |a 2a. ed. | ||
| 260 | |a Buenos Aires : |b Osmar D. Buyatti, |c 2012. | ||
| 300 | |a 270 p. ; |c 23 cm. | ||
| 504 | |a Incluye referencias bibliográficas. | ||
| 020 | |z 9789871577668 | ||
| 100 | 1 | |a Di Lonardo, Graciela. | |
| 700 | 1 | |a Stamato, Silvia. | |
| 082 | 0 | 4 | |a 658.022 |2 21 |
| 650 | 7 | |a Administración de empresas. |2 unbist | |
| 650 | 7 | |a Pequeñas empresas. |2 unbist | |
| 653 | |a Emprendedores | ||
| 650 | 7 | |a Marketing. |2 isoc | |
| 650 | 7 | |a Finanzas. |2 unbist | |
| 859 | |a AR-BaBDC |b BIB. ADMINISTRACION - Libros |h 658.022 |i D589a2 |p b07094 | ||
